LEADER 01032nam a2200265 a 4500 001 000000134957 003 CaOOAMICUS 005 20130716125449.0 008 130716s1991 it u000 u ita r 020 $a88-14-02836-2 040 $aPUL$bita 082 04$a346.4502 100 1 $aIrti, Natalino.$0(OLS)http://pul/name/65081 245 10$aLetture bettiane sul negozio giuridico /$cNatalino Irti. 260 $aMilano :$bGiuffrè,$c©1991. 300 $aXI, 90 p. ;$c21 cm 650 4$aNegozi giuridici.$0(OLS)http://pul/subject/19298 850 $aPUL 852 $aPUL$W1$xSL Diritto e Scienze Sociali 3$y79$m346. 4502 IRTNA 2$j155319$qDDC 21$B154867$CPULBib$Z2$F154867 $H122734 $82 941 1 $a9 996 $6020$a88-14-02836-2$9(OLS)http://pul/number/153314 996 $6082$a346.4502$9(OLS)http://pul/classification/1796 996 $6245$aLetture bettiane sul negozio giuridico$9(OLS)http://pul/title/170680 996 $6260$aMilano :$bGiuffrè$9(OLS)http://pul/publisher/48401 LEADER 01491nam a2200313 a 4500 001 000000135605 003 CaOOAMICUS 005 20131007105729.0 008 131007s2013 ne u000 u eng r 020 $a978-90-04-24499-3 040 $aPUL$bita 082 04$a225.5 100 1 $aHuizenga, Annette Bourland.$0(OLS)http://pul/name/87314 245 10$aMoral education for women in the pastoral and Pythagorean letters :$bphilosophers of the household /$cby Annette Bourland Huizenga. 260 $aLeiden ;$aBoston :$bBrill,$c2013. 300 $ax, 435 p. ;$c24 cm. 490 1 $aSupplements to Novum Testamentum ;$v147 504 $aInclude riferimenti bibliografici e indici. 630 04$aBiblia.$pN.T.$pPastorales epistolae$pCritica e interpretazione.$0(OLS)http://pul/subject/37193 650 4$aDonne e religione.$0(OLS)http://pul/subject/27804 830 0$aSupplements to Novum Testamentum ;$v147.$0(OLS)http://pul/title/4774 850 $aPUL 852 $aPUL$W1$xSL Religione 3$y85$m225. 5 COLL 1.147$j156397$qDDC 21$B155743$CPULBib$Z2$F155743 $H122953 $82 941 1 $a9 996 $6020$a978-90-04-24499-3$9(OLS)http://pul/number/153610 996 $6082$a225.5$9(OLS)http://pul/classification/1678 996 $6245$aMoral education for women in the pastoral and Pythagorean letters :$bphilosophers of the household$9(OLS)http://pul/title/171459 996 $6260$aLeiden ;$aBoston :$bBrill$9(OLS)http://pul/publisher/68781